Our own devices : How technology remakes humanity

Bibliographic Details
Main Author: Tenner, Edward
Format: Book
Published: New York : Vintage Books , 2004
Subjects:

MARC

LEADER 00000cam a2200000 7i4500
001 0000013744
005 20080129.0
008 080128
020 |a 0375707077 
090 0 0 |a 303.483   |b TEN 
100 1 |a Tenner, Edward 
245 1 0 |a Our own devices :   |b How technology remakes humanity   |c Edward Tenner 
260 |a New York :   |b Vintage Books ,   |c 2004 
650 0 |a Body, Human (Philopsophy) 
650 0 |a Body, Human   |x Social aspects 
650 0 |a Human being   |x Effect of technological innovations on 
650 0 |a Technological innovations   |x Social aspects 
650 0 |a Technology   |x Social aspects 
999 |a 0001011771   |b Book   |c Adult Collection   |e Perbadanan Perpustakaan Awam Johor 
999 |a 0001011772   |b Book   |c Adult Collection   |e Perbadanan Perpustakaan Awam Johor